000 00326nam a2200145 i 4500
001 bg
100 1 _aDERENICZ, Michał
245 0 _aJaponia-Nippon /
_cMichał Derenicz.
260 _aWarszawa,
_c1977.
040 _cBPK
041 _apol
080 _a308(520)
942 _cKS
008 s pl f |000 0 pol
999 _c17636
_d17636
856 _uhttp://koha.tu.koszalin.pl/cgi-bin/koha/opac-detail.pl?biblionumber=17636
_yKatalog online BPK